Mongolia City Quiz - Statistics

General Stats
  • This quiz has been taken 44 times
  • The average score is 3 of 5
Answer Stats
City % Correct
Ulaanbaatar
97%
Erdenet
76%
Darkhan
63%
Choibalsan
45%
Moron
37%
No matching quizzes found
Score Distribution
Percent of People with Each Score
Percentile by Number Answered
Your Score History
You have not taken this quiz